<?xml version="1.0" encoding="UTF-8"?>
<record
    xmlns:xsi="http://www.w3.org/2001/XMLSchema-instance"
    xsi:schemaLocation="http://www.loc.gov/MARC21/slim http://www.loc.gov/standards/marcxml/schema/MARC21slim.xsd"
    xmlns="http://www.loc.gov/MARC21/slim">

  <leader>01797nam a2200361 i 4500</leader>
  <controlfield tag="003">DO-SdBNP</controlfield>
  <controlfield tag="005">20260508083256.0</controlfield>
  <controlfield tag="006">a||||er|||| 00| 0 </controlfield>
  <controlfield tag="007">ta</controlfield>
  <controlfield tag="008">230703e2020    dr a|||| |||| 00| j spa d</controlfield>
  <datafield tag="020" ind1=" " ind2=" ">
    <subfield code="a">9789945616606</subfield>
  </datafield>
  <datafield tag="040" ind1=" " ind2=" ">
    <subfield code="a">DO-SdBNP</subfield>
    <subfield code="b">spa</subfield>
    <subfield code="c">BNPHU</subfield>
    <subfield code="e">rda</subfield>
  </datafield>
  <datafield tag="082" ind1=" " ind2="1">
    <subfield code="2">22</subfield>
    <subfield code="b">M238p</subfield>
  </datafield>
  <datafield tag="245" ind1="0" ind2="0">
    <subfield code="a">Malas palabras y otros cuentos. /</subfield>
    <subfield code="c">Katherin Natividad...[y otros]; fotograf&#xED;a de portada: Nelson Guzm&#xE1;n.</subfield>
  </datafield>
  <datafield tag="264" ind1=" " ind2="4">
    <subfield code="a">Santo Domingo :</subfield>
    <subfield code="b">Funglode,</subfield>
    <subfield code="c">&#xA9;2020</subfield>
  </datafield>
  <datafield tag="300" ind1=" " ind2=" ">
    <subfield code="a">75 p&#xE1;ginas ;</subfield>
    <subfield code="c">23 cm</subfield>
  </datafield>
  <datafield tag="336" ind1=" " ind2=" ">
    <subfield code="2">rdaconten</subfield>
    <subfield code="a">texto</subfield>
    <subfield code="b">txt</subfield>
  </datafield>
  <datafield tag="337" ind1=" " ind2=" ">
    <subfield code="2">rdamedia</subfield>
    <subfield code="a">sin medici&#xF3;n</subfield>
    <subfield code="b">n</subfield>
  </datafield>
  <datafield tag="338" ind1=" " ind2=" ">
    <subfield code="2">rdacarrier</subfield>
    <subfield code="a">volumen</subfield>
    <subfield code="b">nc</subfield>
  </datafield>
  <datafield tag="500" ind1=" " ind2=" ">
    <subfield code="a">Fotograf&#xED;a de portada: Presa de Hig&#xFC;ey, foto de Nelson Guzm&#xE1;n, primer lugar en la categor&#xED;a Dron del Premio Funglode de Fotograf&#xED;as Rodr&#xED;guez Urdaneta 2019.</subfield>
  </datafield>
  <datafield tag="505" ind1=" " ind2=" ">
    <subfield code="a">Primer lugar.</subfield>
    <subfield code="r">Malas Palabras. /</subfield>
    <subfield code="r">Katherine Natividad.-- </subfield>
    <subfield code="g">Segundo lugar. /</subfield>
    <subfield code="t">Mujer de las Antillas. /</subfield>
    <subfield code="r">Esdras Santana.--</subfield>
    <subfield code="g">Tercer lugar.</subfield>
    <subfield code="t">Quiero vender este reloj. /</subfield>
    <subfield code="r">Jhaky Valcourt.--</subfield>
    <subfield code="g">Menciones.</subfield>
    <subfield code="t">En el umbral de las memorias. /</subfield>
    <subfield code="r">Rafi S&#xE1;nchez.--</subfield>
    <subfield code="t">La misi&#xF3;n. /</subfield>
    <subfield code="r">Valent&#xED;n Amaro.--</subfield>
    <subfield code="t">Basura. /</subfield>
    <subfield code="r">Patricia Otero.</subfield>
  </datafield>
  <datafield tag="586" ind1=" " ind2=" ">
    <subfield code="a">Premio Funglode de Cuento Juan Bosch 2019</subfield>
  </datafield>
  <datafield tag="590" ind1=" " ind2=" ">
    <subfield code="a">Inventariado 2023 / MF</subfield>
  </datafield>
  <datafield tag="700" ind1="1" ind2=" ">
    <subfield code="a">Natividad, Katherine </subfield>
    <subfield code="9">83661</subfield>
    <subfield code="e">autora</subfield>
    <subfield code="t">Malas Palabras.</subfield>
  </datafield>
  <datafield tag="700" ind1="1" ind2=" ">
    <subfield code="a">Santana, Esdras </subfield>
    <subfield code="9">83662</subfield>
    <subfield code="e">autor</subfield>
    <subfield code="t">Mujer de las Antilla.</subfield>
  </datafield>
  <datafield tag="700" ind1=" " ind2=" ">
    <subfield code="a">Valcourt, Jhak</subfield>
    <subfield code="e">autor</subfield>
    <subfield code="t">Quiero Vender este Reloj.</subfield>
    <subfield code="9">83663</subfield>
  </datafield>
  <datafield tag="700" ind1="1" ind2=" ">
    <subfield code="a">S&#xE1;nchez, Rafi, </subfield>
    <subfield code="9">83664</subfield>
    <subfield code="e">autor</subfield>
    <subfield code="t">En el umbral de las memorias.</subfield>
  </datafield>
  <datafield tag="700" ind1="1" ind2=" ">
    <subfield code="9">12295</subfield>
    <subfield code="a">Amaro, Valent&#xED;n</subfield>
    <subfield code="e">autor</subfield>
    <subfield code="t">La misi&#xF3;n</subfield>
  </datafield>
  <datafield tag="700" ind1="1" ind2=" ">
    <subfield code="a">Otero, Patricia </subfield>
    <subfield code="9">83665</subfield>
    <subfield code="e">autora</subfield>
    <subfield code="t">Basura.</subfield>
  </datafield>
  <datafield tag="700" ind1="1" ind2=" ">
    <subfield code="9">17133</subfield>
    <subfield code="a">Guzman, Nelson,</subfield>
    <subfield code="e">fotograf&#xED;a de portada</subfield>
  </datafield>
  <datafield tag="710" ind1="2" ind2=" ">
    <subfield code="a">Fundaci&#xF3;n Global Democrac&#xED;a y Desarrollo</subfield>
    <subfield code="9">25477</subfield>
  </datafield>
  <datafield tag="942" ind1=" " ind2=" ">
    <subfield code="2">ddc</subfield>
    <subfield code="c">LBS1</subfield>
  </datafield>
  <datafield tag="952" ind1=" " ind2=" ">
    <subfield code="0">0</subfield>
    <subfield code="1">0</subfield>
    <subfield code="2">ddc</subfield>
    <subfield code="5">1</subfield>
    <subfield code="7">0</subfield>
    <subfield code="8">PD</subfield>
    <subfield code="a">BNPHU</subfield>
    <subfield code="b">BNPHU</subfield>
    <subfield code="c">CT</subfield>
    <subfield code="d">2022-07-27</subfield>
    <subfield code="e">Dep&#xF3;sito legal / Funglode</subfield>
    <subfield code="l">0</subfield>
    <subfield code="o">M238p</subfield>
    <subfield code="p">2023-2969</subfield>
    <subfield code="r">2023-07-03</subfield>
    <subfield code="w">2023-07-03</subfield>
    <subfield code="y">LBS1</subfield>
  </datafield>
  <datafield tag="952" ind1=" " ind2=" ">
    <subfield code="0">0</subfield>
    <subfield code="1">0</subfield>
    <subfield code="2">ddc</subfield>
    <subfield code="5">1</subfield>
    <subfield code="7">0</subfield>
    <subfield code="8">PD</subfield>
    <subfield code="a">BNPHU</subfield>
    <subfield code="b">BNPHU</subfield>
    <subfield code="c">CT</subfield>
    <subfield code="d">2022-07-27</subfield>
    <subfield code="e">Dep&#xF3;sito legal / Funglode</subfield>
    <subfield code="l">0</subfield>
    <subfield code="o">M238p</subfield>
    <subfield code="p">2023-2970</subfield>
    <subfield code="r">2023-07-03</subfield>
    <subfield code="t">e.2</subfield>
    <subfield code="w">2023-07-03</subfield>
    <subfield code="y">LBS1</subfield>
  </datafield>
  <datafield tag="952" ind1=" " ind2=" ">
    <subfield code="0">0</subfield>
    <subfield code="1">0</subfield>
    <subfield code="2">ddc</subfield>
    <subfield code="5">6</subfield>
    <subfield code="7">0</subfield>
    <subfield code="8">DS</subfield>
    <subfield code="a">BNPHU</subfield>
    <subfield code="b">BNPHU</subfield>
    <subfield code="c">CT</subfield>
    <subfield code="d">2024-03-27</subfield>
    <subfield code="e">Dep&#xF3;sito Legal / FUNGLODE</subfield>
    <subfield code="l">0</subfield>
    <subfield code="o">M238p</subfield>
    <subfield code="p">2023-5006</subfield>
    <subfield code="r">2023-07-21</subfield>
    <subfield code="t">e.3</subfield>
    <subfield code="w">2023-07-21</subfield>
    <subfield code="y">LBS1</subfield>
  </datafield>
  <datafield tag="999" ind1=" " ind2=" ">
    <subfield code="c">54048</subfield>
    <subfield code="d">54048</subfield>
  </datafield>
</record>
